000
00299nam a22001217a 4500
008
160510b xxu||||| |||| 00| 0 eng d
020
_a
9780536257611
020
_a
053625761
041
_a
eng
080
_a
611
245
_a
Human anatomy phsiology:
_c
Elaine N. Marieb; Katja Hoehn;
942
_2
udc
_c
BK
999
_c
1955
_d
1955